MDQL
is popping MORE tags! Check the
thread
!
Quizzes
Events
Quiz Creation
Community
Videos
Private Events
Remove Ads
Sign In
Join for FREE
Feedback
Dark Mode
Quiz Categories
Sports
Geography
Music
Movies
Television
Just For Fun
Miscellaneous
History
Literature
Language
Science
Gaming
Entertainment
Religion
Holiday
For Kids
Quiz Lab
Recent
Popular Today
Quiz Kudos Today
Editor Picks
Curator Picks
Quizzes by...
Day
Popularity
Type
Ratings
Length
Year
Community
Subscriptions
Recent Discussions
Orange Saloon
Badges
Playlists
Quests
Create
Leaderboards
Showdown
Live 5
Trivia Bingo
Activity
Puzzle Library
Sporcle Events
Private Events
Virtual Trivia
Globe League
Become a Host
Pub Owners
SporcleCon
Opinionation
Our Games
Videos
Blog
Mobile Apps
Partnerships
Remove Ads and Go Orange
Feedback
Sports
Athletes
MLB
NBA
NHL
NFL
Soccer
Sports Teams
WWE
NCAA
Football
Premier League
Basketball
Baseball
Hockey
Golf
Tennis
Cricket
Rugby
Auto Racing
Olympics
World Cup
Sports
Athletes
MLB
NBA
NHL
NFL
Soccer
Sports Teams
WWE
NCAA
Football
Premier League
Basketball
Baseball
Hockey
Golf
Tennis
Cricket
Rugby
Auto Racing
Olympics
World Cup
Random Quiz
Search Sporcle
×
Quiz Lab
Quiz Lab
Sports
Playoff
Type in answers that appear in a list
Type in answers that appear in a list
Classic
Best Score? Go Orange.
Boston Big 4 Playoff Opponents (2000s) Stats
Can you name the Boston Big 4 Playoff Opponents (2000s)?
By
WAFITP
5m
62 Questions
1,729 Plays
1,729 Plays
1,729 Plays
Comments
Comments
Give Quiz Kudos
Give Quiz Kudos
-
- Ratings
hide this ad
Replay
Link that replays current quiz
Next Quiz
Link to next quiz in quiz playlist
You Got
0%
They Got
Avg Score
83%
Avg Friend Score
Upgrade to see
Score Distribution
Jump to the score distribution portion of the page
Score
0/62
Timer
05:00
0
Plays Today
Year/Team
Team
% Correct
2007-
08 Celtics
Los Angeles Lakers
97.2%
2009-
10 Celtics
Los Angeles Lakers
97.1%
2003 Red Sox
New York Yankees
95%
2004 Red Sox
New York Yankees
95%
2007-
08 Patriots
New York Giants
94%
2001-
02 Patriots
Pittsburgh Steelers
93.4%
2004-
05 Patriots
Pittsburgh Steelers
93.4%
2009-
10 Celtics
Miami Heat
92.7%
2010-
11 Celtics
Miami Heat
92.7%
2006-
07 Patriots
New York Jets
91.8%
2010-
11 Patriots
New York Jets
91.8%
2003-
04 Patriots
Indianapolis Colts
91.5%
2004-
05 Patriots
Indianapolis Colts
91.5%
2006-
07 Patriots
Indianapolis Colts
91.5%
2009-
10 Patriots
Baltimore Ravens
90.3%
2003-
04 Patriots
Carolina Panthers
89.5%
2001-
02 Patriots
St. Louis Rams
88.8%
2004 Red Sox
St. Louis Cardinals
88.6%
2008-
09 Celtics
Orlando Magic
86.8%
2009-
10 Celtics
Orlando Magic
86.8%
2001-
02 Bruins
Montreal Canadiens
85.8%
2003-
04 Bruins
Montreal Canadiens
85.8%
2004 Red Sox
Anaheim Angels
85.8%
2007-
08 Bruins
Montreal Canadiens
85.8%
2008-
09 Bruins
Montreal Canadiens
85.8%
2008 Red Sox
Los Angeles Angels
85.8%
2009 Red Sox
Los Angeles Angels
85.8%
2010-
11 Bruins
Montreal Canadiens
85.8%
2007 Red Sox
Los Angeles Angels
85.7%
2010-
11 Celtics
New York Knicks
85.3%
2001-
02 Patriots
Oakland Raiders
85.3%
Year/Team
Team
% Correct
2007-
08 Celtics
Cleveland Cavaliers
84.3%
2009-
10 Celtics
Cleveland Cavaliers
84.3%
2004-
05 Patriots
Philadelphia Eagles
84.2%
2006-
07 Patriots
San Diego Chargers
83.9%
2007-
08 Patriots
San Diego Chargers
83.9%
2001-
02 Celtics
New Jersey Nets
83.6%
2002-
03 Celtics
New Jersey Nets
83.6%
2005-
06 Patriots
Denver Broncos
83.5%
2001-
02 Celtics
Detroit Pistons
83.1%
2007-
08 Celtics
Detroit Pistons
83.1%
2009-
10 Bruins
Philadelphia Flyers
82.4%
2010-
11 Bruins
Philadelphia Flyers
82.4%
2008 Red Sox
Tampa Bay Rays
80.9%
2002-
03 Celtics
Indiana Pacers
79.9%
2003-
04 Celtics
Indiana Pacers
79.9%
2004-
05 Celtics
Indiana Pacers
79.9%
2008-
09 Celtics
Chicago Bulls
79.9%
2007 Red Sox
Colorado Rockies
79.5%
2007-
08 Celtics
Atlanta Hawks
79.4%
2005 Red Sox
Chicago White Sox
79.1%
2010-
11 Bruins
Vancouver Canucks
79.1%
2005-
06 Patriots
Jacksonville Jaguars
78.3%
2007-
08 Patriots
Jacksonville Jaguars
77.4%
2001-
02 Celtics
Philadelphia 76ers
77%
2007 Red Sox
Cleveland Indians
76.9%
2003 Red Sox
Oakland Athletics
76.5%
2003-
04 Patriots
Tennessee Titans
75.7%
2010-
11 Bruins
Tampa Bay Lightning
70.6%
2008-
09 Bruins
Carolina Hurricanes
63.1%
2002-
03 Bruins
New Jersey Devils
61.5%
2009-
10 Bruins
Buffalo Sabres
58%
Quiz Playlist
Details
Report
Send in Message
Add To Playlist
Classic:
Type in answers that appear in a list
Last Updated: Feb 16, 2017
Quiz Scoreboard
CHALLENGE
Sign Up to Join the Scoreboard
Show All
Scores
Hide
Comments
May contain spoilers
Recently Published
Image Sorting: Flags VI
by Barbecue
Geography
2m
Find the 'City' Movie
by crazypaving
Movies
60s
Colored Red Africa Blitz
by spor1
Geography
45s
More to Explore
Quiz From the Vault
Featured Blog Post
14 Easter Pick-up Lines to Find Eggs With
hide this ad
You Might Also Like...
Tags
2000
Boston
opponent
Playoff
Playoff Opponents
result
team
Today's Top Quizzes in Sports
Browse Sports
hide this ad
Today's Top Quizzes in Playoff
Browse Playoff
Top Contributed Quizzes in Sports
1
Les meilleurs buteurs des matchs entre le PSG et l’OM
2
Les entraîneurs de l'OM et du PSG au 21e siècle
3
Les joueurs passés par le PSG et l'OM
4
2022 World Cup Stars
5
Players with Multiple 50 Home Run Seasons
6
Criteria MLB: Left Handed Sluggers
7
MLB Players with Two .350 Batting Average Seasons
8
Les joueurs passés par le LOSC et le RC Lens
9
NBA Logic Puzzle 2.0
10
Top 10 NHL Goal Scorers of All Time
Explore More
Trending Topics
Kpop
Anime
NBA
Disney
Crossword
Harry Potter
Marvel
WWE
Soccer
The Office
Country
Song
NFL
Puzzle
Pokémon
hide this ad
More By:
WAFITP
Quiz
Plays
Rating
Category
Featured
Created
Boston Big 4 Playoff Opponents (2000s)
1,729
4.74
Sports
Dec 31, 2011
Go to Creator's Profile
Score Distribution
Quiz Creator Spotlight
WAFITP
Follow
Send a Message
Quizzes Created
-
Created Quiz Play Count
-
More By This Creator
Popular Quizzes Today
1
Colored Red Africa Blitz
2
Find the US States - No Outlines Minefield
3
Find the 'City' Movie
4
5x2 Blitz: Bands
5
The Countries of the World
6
Find the US States
7
Find the Countries of Europe - No Outlines Minefield
8
US States
More Sports Quizzes
MLB MVP Reveal (1980-1999) XIX
Quiz Lab
Trending Quizzes
Colored Red Europe Blitz I
Colored Red Europe Blitz II
Colored Red Africa Blitz II
Colored Red Europe Blitz III
Colored Red Africa Blitz III
Recently Updated
How Do You Spell That?
pecheneg
Godzilla Movies
pecheneg
Grab Bag: 4-10 Letters
pecheneg
2024 March Madness Bracket
pecheneg
Famous TV Couples
Peacemaker
Champions League XIs: Real Madrid
pecheneg
Largest US Cities 1790-2010
pecheneg
Rides in Walt Disney World
pecheneg
Most Oscar Losses (Acting)
pecheneg
Beyoncé Albums
pecheneg
Trending Topics
Disney
Marvel
Kpop
Anime
Harry Potter
Crossword
NBA
The Office
Puzzle
WWE
Song
Country
Pokémon
NFL
Soccer
Your Account Isn't Verified!
In order to create a playlist on Sporcle, you need to verify the email address you used during registration. Go to your
Sporcle Settings
to finish the process.
Report this User
Report this user for behavior that violates our
Community Guidelines
.
Details:
Send Report
Go to the Sporcle.com Mobile Site →
Comments